00295nam a2200121Ia 4500008004100000082001800041100002200059245001800081260003200099365000600131630001800137730001800155100415s9999 xx 000 0 und d b11066a591.51 aPennycuick Colin aAnimal Flight aLONDONc1972bEDWARD ARNOLD b0 aAnimal Flight aAnimal Flight